000 00505nam a22001697a 4500
005 20251108172011.0
008 250721s1983 xx 000 0 ara d
082 1 4 _aق/كاو
100 1 _aكاواباتا، ياسونارى
245 1 0 _aضجيج الجبل /
264 1 _aبيروت :
_bدار التنوير للطباعة و النشر،
_c1983.
300 _a240ص
650 1 7 _aالأدب العالمي
700 1 _aحديدي، صبحي
_eترجمة
942 _2ddc
_cBK
999 _c67976
_d67976